Statistiques concernant Champion de GP2 Series / F2

Cliquez ici pour prendre le quiz!

Statistiques générales

  • Ce quiz a été pris 56 fois
  • Le résultat moyen est 9 sur 17

Statistiques - réponses

SaisonChampion% Correct
2017Charles Leclerc
96%
2021Oscar Piastri
96%
2018George Russel
92%
2006Lewis Hamilton
90%
2016Pierre Gasly
80%
2020Mick Schumacher
74%
2019Nick De Vries
70%
2005Nico Rosberg
64%
2011Romain Grosjean
60%
2009Nico Hülkenberg
58%
2010Pastor Maldonado
28%
2015Stoffel Vandoorne
24%
2014Jolyon Palmer
18%
2007Timo Glock
12%
2012Davide Valsecchi
10%
2013Fabio Leimer
8%
2008Giorgio Pantano
6%

Distribution des résultats

Percentile par nombre de réponses

% des personnes avec chaque résultat

Votre développement - résultats

Vous n’avez pas pris ce quiz